| 000 | 00773nam a2200229 4500 | ||
|---|---|---|---|
| 003 | OSt | ||
| 005 | 20221116155241.0 | ||
| 008 | 221111b |||||||| |||| 00| 0 eng d | ||
| 020 | _a9962 8842 0 9 | ||
| 040 | _cBiblioteca Lado V | ||
| 082 |
_a779.942.8 _bR741l |
||
| 100 | _ecurador | ||
| 245 | _aLeidy B./ | ||
| 260 |
_c2002 _aMadrid _bMuseo Extremeño e Iberoamericano de Arte Contemporaneo |
||
| 300 |
_a30p. _c25x19cm |
||
| 650 |
_2Tesauro de Arte & Arquitectura _aARTE |
||
| 650 |
_2Tesauro de Arte & Arquitectura _aFOTOGRAFIA |
||
| 650 |
_2Tesauro de Arte & Arquitectura _aPERSONAS |
||
| 650 |
_2Tesauro de Arte & Arquitectura _aEROTICA |
||
| 650 |
_2Tesauro de Arte & Arquitectura _aPORNOGRAFIA |
||
| 942 |
_2ddc _c1 _h779.942.8 _iR741l _n0 |
||
| 999 |
_c2653 _d2653 |
||